| 000 | 00408nam a22001577a 4500 | ||
|---|---|---|---|
| 005 | 20240220073539.0 | ||
| 008 | 240220b |||||||| |||| 00| 0 eng d | ||
| 082 |
_222 _a320.9. _bANC. |
||
| 100 | _aMukerji, Prasanna Krishna. | ||
| 245 | _aAncient political experiences : | ||
| 250 | _a1st | ||
| 260 |
_aColombo : _bM.D.GAUNASENA & Co., Ltd / _c1961 |
||
| 300 | _avi, 331., | ||
| 650 | _apolitical. | ||
| 942 | _cL | ||
| 999 |
_c445 _d445 |
||